| 000 | 00349nam a22001457a 4500 | ||
|---|---|---|---|
| 008 | 260310b |||||||| |||| 00| 0 eng d | ||
| 020 | _a9789372022339 | ||
| 040 | _a03 | ||
| 082 | _a618.42 HIR | ||
| 100 | _aKONAR HIRALAL | ||
| 245 | _aDC DUTTA TEXTBOOK FO OBSTETRICS | ||
| 260 |
_aR LAL. MEERUT _bJAYPEE _c10/3/26 |
||
| 300 | _a640 | ||
| 942 | _c02 | ||
| 999 |
_c67134 _d67134 |
||